Comparison Between Endoscopic Banding Ligation of Oesophageal Varices And Combination of Endoscopic Banding Ligation With Injection Sclerotherotherapy / (رقم التسجيلة. 179332)
[ عرض عادي ]
| 000 -LEADER | |
|---|---|
| fixed length control field | 01346namaa22003131i 4500 |
| 005 - أخر تعامل مع التسجيلة | |
| control field | 20260409114501.0 |
| 008 - FIXED-LENGTH DATA ELEMENTS--GENERAL INFORMATION | |
| fixed length control field | 260409s1995 ua a|||frm||| 000 0 eng d |
| 040 ## - CATALOGING SOURCE | |
| Original cataloguing agency | EG-GICUC |
| Language of cataloging | eng |
| Transcribing agency | EG-GICUC |
| Modifying agency | EG-GICUC |
| Description conventions | rda |
| 041 0# - LANGUAGE CODE | |
| Language code of text/sound track or separate title | eng |
| Language code of summary or abstract | eng |
| -- | ara |
| 049 ## - Acquisition Source | |
| Acquisition Source | Deposit |
| 097 ## - Degree | |
| Degree | M.Sc |
| 099 ## - LOCAL FREE-TEXT CALL NUMBER (OCLC) | |
| Local Call Number | Cai01.11.14.M.Sc.1995.Kh.C |
| 100 0# - MAIN ENTRY--PERSONAL NAME | |
| Authority record control number or standard number | Khaked Hussein Mohamed, |
| Preparation | preparation. |
| 245 10 - TITLE STATEMENT | |
| Title | Comparison Between Endoscopic Banding Ligation of Oesophageal Varices And Combination of Endoscopic Banding Ligation With Injection Sclerotherotherapy / |
| Statement of responsibility, etc. | By Khaked Hussein Mohamed, Dr. Hassan Soliman, Dr. Hosny Salama, Dr. Alaa Moussa |
| 246 15 - VARYING FORM OF TITLE | |
| Title proper/short title | مقارنة بين علاج دوالي المري بالربط بالمنظار مع الحقن |
| 264 #0 - PRODUCTION, PUBLICATION, DISTRIBUTION, MANUFACTURE, AND COPYRIGHT NOTICE | |
| Date of production, publication, distribution, manufacture, or copyright notice | 1995. |
| 300 ## - PHYSICAL DESCRIPTION | |
| Extent | 207 Leaves |
| Other physical details | illustrations |
| Dimensions | 30 cm. + |
| 336 ## - CONTENT TYPE | |
| Source | rda content |
| Content type term | text |
| 337 ## - MEDIA TYPE | |
| Source | rdamedia |
| Media type term | Unmediated |
| 338 ## - CARRIER TYPE | |
| Source | rdacarrier |
| Carrier type term | volume |
| 502 ## - DISSERTATION NOTE | |
| Dissertation note | Thesis (M.Sc.)-Cairo University, 1995 |
| 504 ## - BIBLIOGRAPHY, ETC. NOTE | |
| Bibliography, etc. note | Bibliography: pages 174-207 |
| 653 #0 - INDEX TERM--UNCONTROLLED | |
| Uncontrolled term | Endoscopic Banding Ligation of Oesophageal Varices |
| 700 0# - ADDED ENTRY--PERSONAL NAME | |
| Personal name | Hassan Soliman |
| Relator term | thesis advisor. |
| 700 0# - ADDED ENTRY--PERSONAL NAME | |
| Personal name | Alaa Moussa |
| Relator term | thesis advisor. |
| 900 ## - Thesis Information | |
| Department | Department of General Surgery |
| Faculties | Faculty of Medicine |
| Universities | Cairo University |
| Grant date | 1995 |
| Supervisory body | Hassan Soliman |
| -- | Alaa Moussa |
| 905 ## - Cataloger and Reviser Names | |
| Cataloger Name | Nehad |
| 942 ## - ADDED ENTRY ELEMENTS (KOHA) | |
| Source of classification or shelving scheme | Dewey Decimal Classification |
| Koha item type | Thesis |
| Edition | 21 |
| Suppress in OPAC | No |
| Source of classification or shelving scheme | Home library | Current library | Date acquired | Inventory number | Full call number | Barcode | Date last seen | Effective from | Koha item type |
|---|---|---|---|---|---|---|---|---|---|
| Dewey Decimal Classification | المكتبة المركزبة الجديدة - جامعة القاهرة | مكتبة المئوية | 09.04.2026 | 26909 | Cai01.11.14.M.Sc.1995.Kh.C | 01010110026909000 | 09.04.2026 | 09.04.2026 | Thesis |